Kier has plenty to celebrate after busy festive period (Record no. 78275)

MARC details
000 -LEADER
fixed length control field 00933cab a2200193 4500
001 - CONTROL NUMBER
control field ##L136410
008 - FIXED-LENGTH DATA ELEMENTS--GENERAL INFORMATION
fixed length control field 070130n2007 000 0 eng u
035 ## - SYSTEM CONTROL NUMBER
System control number (Sirsi) u136410
041 0# - LANGUAGE CODE
Language code of text/sound track or separate title eng
100 1# - MAIN ENTRY--PERSONAL NAME
Personal name Stewart, Dan
245 00 - TITLE STATEMENT
Title Kier has plenty to celebrate after busy festive period
260 ## - PUBLICATION, DISTRIBUTION, ETC.
Date of publication, distribution, etc. 2007
490 #0 - SERIES STATEMENT
Series statement Building
Volume/sequential designation 272(8464) 26 January 2007, 20-21(2)
520 ## - SUMMARY, ETC.
Summary, etc. Barbour ABI's monthly figures show EC Harris heading the table of top quantity surveyors for the 12 months to December 2006. Turner and Townsend were runners-up, with Davis Langdon in third place. Balfour Beatty remained at the top of the contractors' league for the same period, although Kier took first place for monthly work won in December 2006. Also includes tables for architects and clients/promoters.
590 ## - LOCAL NOTE (RLIN)
Local note KA
651 #4 - SUBJECT ADDED ENTRY--GEOGRAPHIC NAME
Geographic name United Kingdom
Chronological subdivision
690 ## - LOCAL SUBJECT ADDED ENTRY--TOPICAL TERM (OCLC, RLIN)
Topical term or geographic name as entry element BUILT ENVIRONMENT-QUANTITY SURVEYING-QUANTITY SURVEYORS
942 ## - ADDED ENTRY ELEMENTS (KOHA)
Suppress in OPAC 0
Holdings
Withdrawn status Lost status Source of classification or shelving scheme Damaged status Not for loan Home library Current library Shelving location Date acquired Total Checkouts Full call number Barcode Date last seen Copy number Price effective from Koha item type
    Dewey Decimal Classification     London London Journal article 30/01/2007   L136410 136410-1001 06/08/2019 1 06/08/2019 Journal article